| Tag |
First Indicator |
Second Indicator |
Subfields |
| LEADER |
00000cam a2200000 4500 |
| 001 |
in00003814513 |
| 005 |
20190415185251.0 |
| 006 |
m o d |
| 007 |
cr |n||||||||n |
| 008 |
880613s1714 enk|||| o 00||||eng c |
| 035 |
|
|
|a (CU-RivES)T180191
|
| 035 |
|
|
|a (Uk-ES)006274944
|
| 035 |
|
|
|a (OCoLC)509315349
|
| 040 |
|
|
|a Uk-ES
|c Uk-ES
|d CStRLIN
|d Cengage Gale
|d UtOrBLW
|
| 100 |
0 |
|
|a Clement
|b XI,
|c Pope,
|d 1649-1721.
|0 http://id.loc.gov/authorities/names/n85089945
|
| 245 |
1 |
4 |
|a The pope's letter to the King of France, to prevent the growth of schism :
|b With explanatory notes.
|
| 264 |
|
1 |
|a London :
|b Printed for Ferd. Burleigh in Amen-Corner,
|c MDCCXIV. [1714]
|
| 300 |
|
|
|a 1 online resource (19, 1 unnumbered pages)
|
| 336 |
|
|
|a text
|b txt
|2 rdacontent
|
| 337 |
|
|
|a computer
|b c
|2 rdamedia
|
| 338 |
|
|
|a online resource
|b cr
|2 rdacarrier
|
| 500 |
|
|
|a With a half-title.
|
| 500 |
|
|
|a Price in square brackets: (Price 3d.)
|
| 510 |
4 |
|
|a English Short Title Catalog,
|c T180191.
|
| 500 |
|
|
|a Reproduction of original from Bodleian Library (Oxford).
|
| 500 |
|
|
|a Electronic resource.
|
| 650 |
|
0 |
|a Dissenters, Religious
|v Early works to 1800.
|
| 650 |
|
0 |
|a Schism
|v Early works to 1800.
|
| 655 |
|
7 |
|a Electronic books.
|2 local
|
| 710 |
2 |
|
|a Gale (Firm)
|0 http://id.loc.gov/authorities/names/no2008071348
|
| 752 |
|
|
|a Great Britain
|b England
|d London.
|
| 856 |
4 |
0 |
|u http://proxy.library.tamu.edu/login?url=http://find.galegroup.com/ecco/infomark.do?contentSet=ECCOArticles&docType=ECCOArticles&bookId=1495000200&type=getFullCitation&tabID=T001&prodId=ECCO&docLevel=TEXT_GRAPHICS&version=1.0&source=library&userGroupName=txshracd2898
|z Connect to the full text of this electronic book
|t 0
|
| 999 |
f |
f |
|s 61981fbb-487d-305f-b827-155d91437169
|i 4c33c148-044b-34d9-afff-02104face924
|t 0
|
| 952 |
f |
f |
|a Texas A&M University
|b College Station
|c Electronic Resources
|d Available Online
|t 0
|h No information provided
|
| 998 |
f |
f |
|t 0
|l Available Online
|